00475nam a2200133Ia 4500008004100000020001800041100001500059245007000074260003900144650001600183856005000199999001900249952007300268171212s9999 xx 000 0 und d a9781925261240 aAmery, Rob cAmery, RobaWarraparna Kaurna!bReclaiming an Australian language bUniversity of Adelaide Pressc2016 aLinguistics uhttp://jstor.org/stable/10.20851/j.ctt1sq5wgq c352956d352956 001040aCLbCLd2017-12-12l0r2017-12-12 00:00:00w2017-12-12yCBE